Facultad de Derecho – Universidad Nacional de Mar del Plata

Presupuesto y Cuenta de Inversiòn (Record no. 3685)

MARC details
000 -CABECERA
campo de control de longitud fija 00510nam a22001937a 4500
020 ## - NUMERO INTERNACIONAL NORMALIZADO PARA LIBROS (ISBN)
International Standard Book Number 9875070033
080 ## - NUMERO DE CLASIFICACION DECIMAL UNIVERSAL (CDU)
Número de la Clasificación Decimal Universal 35.078 D 836
110 ## - ASIENTO PRINCIPAL--NOMBRE CORPORATIVO
Nombre corporativo o de jurisdicción como elemento de entrada Dromi, Roberto
245 ## - MENCION DE TITULO
Título propiamente dicho Presupuesto y Cuenta de Inversiòn
Parte restante del título instrumentos de gobierno y control
250 ## - MENCION DE EDICION
Mención de edición 2ª Ed.
260 ## - PUBLICACION, DISTRIBUCION, ETC. (PIE DE IMPRENTA)
Lugar de publicación, distribución, etc. Buenos Aires
Nombre del editor, distribuidor, etc. Ciudad Argentina
Fecha de publicación, distribución, etc. 1997
300 ## - DESCRIPCION FISICA
Extensión 227 P.
650 ## - ASIENTO SECUNDARIO DE MATERIA - TERMINO TEMATICO
Subdivisión general presupuesto
650 ## - ASIENTO SECUNDARIO DE MATERIA - TERMINO TEMATICO
Subdivisión general administracion financiera
650 ## - ASIENTO SECUNDARIO DE MATERIA - TERMINO TEMATICO
Subdivisión general cuenta de inversion
650 ## - ASIENTO SECUNDARIO DE MATERIA - TERMINO TEMATICO
Subdivisión general control
942 ## - ELEMENTOS AGREGADOS (KOHA)
Clasificación normalizada de Koha para alfabetizar _
945 ## - INFORMACION DE PROCESAMIENTO LOCAL
Responsable de carga/modificación Celeste Delía
AAAA-MM-DD - Fecha de ingreso/modificación 2015-04-06
Holdings
Retirado Perdido Dañado No se presta Ubicación permanente Locación actual Estante o sala Fecha de adquisición Total préstamos Signatura topográfica Inventario Ultima fecha vista Fecha del precio Tipo de item de Koha
        Bib. Derecho Bib. Derecho Biblioteca Graduados 06/04/2015   35.078 D 836 300708 06/04/2015 06/04/2015 LIBRO (Consulta)

XHTML | CSS | ©Biblioteca Central - Dto. Tecnología de la Información - [ Con tecnología Koha ]